Find The Mystery Country Using Miles Clues #3 - Statistics

General Stats
  • This quiz has been taken 1,308 times
  • The average score is 81 of 196
Answers on the Map
Answers color-coded by a green-red scale on the quiz's map according to % correct below.
 
Answer Stats
Miles Away Country % Correct
3533 Russia
78%
6471 United States
77%
2230 United Kingdom
66%
3885 China
64%
6521 Brazil
62%
7750 Australia
59%
2926 India
59%
283 Turkey
58%
1790 France
57%
594 Egypt
56%
1216 Italy
56%
2046 Spain
56%
5700 Canada
55%
694 Greece
54%
1175 Iran
54%
1044 Saudi Arabia
53%
2808 Democratic Republic of the Congo
52%
1589 Germany
50%
600 Iraq
50%
2330 Morocco
50%
1923 Algeria
49%
1635 Chad
48%
293 Israel
48%
922 Ukraine
48%
1135 Libya
47%
4587 South Africa
47%
316 Syria
47%
1642 Yemen
47%
729 Georgia
46%
7454 Mexico
46%
2071 Norway
46%
2657 Oman
46%
1357 Poland
46%
2692 Republic of the Congo
46%
720 Armenia
45%
1841 Denmark
45%
6203 Dominican Republic
45%
2964 Iceland
45%
5535 Japan
45%
353 Jordan
45%
868 Romania
45%
1550 Sudan
45%
1467 United Arab Emirates
45%
676 Bulgaria
44%
2592 Mali
44%
1970 Niger
44%
2288 Portugal
44%
1849 Sweden
44%
1359 Tunisia
44%
1942 Afghanistan
43%
830 Albania
43%
8000 Argentina
43%
846 Azerbaijan
43%
8319 Chile
43%
1880 Finland
43%
5710 Indonesia
43%
1925 Kazakhstan
43%
164 Lebanon
43%
2341 Ireland
42%
2100 Pakistan
42%
2224 Somalia
42%
1294 Austria
41%
1310 Belarus
41%
1033 Bosnia and Herzegovina
41%
1099 Hungary
41%
3824 Madagascar
41%
1070 Malta
41%
10312 New Zealand
41%
900 Serbia
41%
3345 Angola
40%
2123 Central African Republic
40%
1179 Croatia
40%
1849 Ethiopia
40%
2874 Ghana
40%
847 Kosovo
40%
913 Kuwait
40%
1558 Latvia
40%
2847 Mauritania
40%
3632 Mongolia
40%
2381 Nigeria
40%
774 North Macedonia
40%
7618 Peru
40%
1253 Qatar
40%
1168 Slovakia
40%
1225 Slovenia
40%
1792 Belgium
39%
7244 Bolivia
39%
6469 Cuba
39%
1666 Estonia
39%
3216 Guinea
39%
2444 Kenya
39%
4840 Malaysia
39%
888 Moldova
39%
2981 Nepal
39%
1812 Netherlands
39%
7199 Panama
39%
7622 Papua New Guinea
39%
5614 Philippines
39%
3283 Senegal
39%
5061 South Korea
39%
3529 Sri Lanka
39%
1532 Switzerland
39%
4334 Thailand
39%
1733 Uzbekistan
39%
3352 Zambia
39%
1779 Andorra
38%
1192 Bahrain
38%
2649 Benin
38%
3358 Bhutan
38%
4008 Botswana
38%
2695 Burkina Faso
38%
3684 Cape Verde
38%
7021 Colombia
38%
1359 Czech Republic
38%
1708 Djibouti
38%
1432 Eritrea
38%
9953 Fiji
38%
2853 Gabon
38%
3371 Gambia
38%
6303 Haiti
38%
7173 Honduras
38%
9818 Kiribati
38%
2261 Kyrgyzstan
38%
4277 Laos
38%
4483 Lesotho
38%
3362 Liberia
38%
1457 Lithuania
38%
3365 Maldives
38%
917 Montenegro
38%
3840 Myanmar
38%
4113 Namibia
38%
4892 North Korea
38%
6538 Palau
38%
5059 Singapore
38%
1955 South Sudan
38%
5159 Taiwan
38%
2088 Tajikistan
38%
2867 Tanzania
38%
2753 Togo
38%
1459 Turkmenistan
38%
7419 Uruguay
38%
4812 Vietnam
38%
5828 Antigua and Barbuda
37%
6294 Bahamas
37%
3468 Bangladesh
37%
5858 Barbados
37%
7186 Belize
37%
5543 Brunei
37%
2668 Burundi
37%
4682 Cambodia
37%
2336 Cameroon
37%
3294 Comoros
37%
5870 Dominica
37%
6695 East Timor
37%
7501 Ecuador
37%
7368 El Salvador
37%
2749 Equatorial Guinea
37%
4259 Eswatini
37%
7401 Federated States of Micronesia
37%
7336 Guatemala
37%
6154 Guyana
37%
3114 Ivory Coast
37%
6596 Jamaica
37%
1485 Liechtenstein
37%
1705 Luxembourg
37%
3341 Malawi
37%
8421 Marshall Islands
37%
4144 Mauritius
37%
1501 Monaco
37%
3717 Mozambique
37%
8606 Nauru
37%
7231 Nicaragua
37%
7228 Paraguay
37%
2570 Rwanda
37%
5869 Saint Kitts and Nevis
37%
10262 Samoa
37%
1267 San Marino
37%
2945 São Tomé and Príncipe
37%
3099 Seychelles
37%
3391 Sierra Leone
37%
6028 Suriname
37%
10448 Tonga
37%
6050 Trinidad and Tobago
37%
9450 Tuvalu
37%
2332 Uganda
37%
9258 Vanuatu
37%
1222 Vatican City
37%
6520 Venezuela
37%
3749 Zimbabwe
37%
7299 Costa Rica
36%
0 Cyprus
36%
6018 Grenada
36%
3431 Guinea-Bissau
36%
5908 Saint Lucia
36%
7153 Saint Vincent and the Grenadines
36%
8655 Solomon Islands
36%
No matching quizzes found
Score Distribution
Percent of People with Each Score
Percentile by Number Answered
Your Score History
You have not taken this quiz